Zážitkové čítanie ako kreatívny doplnok vyučovania a motivácie literárnych textov

Bibliographic Details
Main Author: Štofková, Zuzana, 1978- (Author)
Format: Article
Language:Slovak
PhysicalDescription:Obr.
Subjects:

MARC

LEADER 00000nab a2200000 a 4500
001 vtls010476316
003 SK-MaSNL
005 20260304155939.0
008 250507c20122013xo mr|p|||an |000 b|slo
015 |a SNBRB2012/11 
035 |a (uuid)d4056096-f26b-4885-b3d0-e5a214392c48 
035 |a urn:nbn:sk:snk-ab2he5 
035 |a (urnnbn)urn:nbn:sk:snk:ar-a02fb8 
038 |a SPK 
040 |a SNKBUCL  |b slo  |c SNKBUCL  |e AACR2 
041 0 |a slo  |b slo 
044 |a xo  |c SK 
072 7 |a 371  |x Školstvo (organizácia)  |2 konspekt 
072 7 |a 028  |x Čítanie  |2 konspekt 
080 |a 371.31:028  |2 2001 
080 |a 028  |2 2001 
100 1 |a Štofková, Zuzana,  |d 1978-  |4 aut  |9 217819 
245 1 0 |a Zážitkové čítanie ako kreatívny doplnok vyučovania a motivácie literárnych textov  |c Zuzana Štofková 
300 |b Obr. 
504 |a Bibliogr. odkazy 
546 |a Res. slov. 
650 0 7 |a zážitkové čítanie  |2 snkbucl  |9 1054542 
650 0 7 |a základné školy  |2 snkbucl  |9 1280 
773 0 |t Naša škola  |g Roč. 16., č. 3(2012/2013), s. 49-53 
850 |a Slovenská národná knižnica 
852 |a Slovenská národná knižnica 
954 |a odborná, vedecká literatúra pôvodná (slovenská)  |2 lita 
958 |a article27 
958 |a NB  |2 spk 
958 |a OND 
958 |a EUIPO 
999 |c 2964743  |d 2966673